| 000 | nam a22 7a 4500 | ||
|---|---|---|---|
| 999 |
_c153762 _d153760 |
||
| 005 | 20200121120517.0 | ||
| 008 | 200121b ec||||| |||| 00| 0 spa d | ||
| 020 | _a997819035X (Universidad Andina Simón Bolívar, Sede Ecuador) | ||
| 020 | _a997804700X (Ediciones Abya-Yala) | ||
| 020 | _a9978842950 (Corporación Editora Nacional) | ||
| 050 | 0 | 4 |
_aP92.E2 _bN38 2002 |
| 100 | 1 | _aNavas Alvear, Marco | |
| 240 | 1 | 0 |
_aPrincipios constitucionales sobre comunicación y procesos de información en el Ecuador. _lEspañol. |
| 245 | 1 | 0 |
_aDerechos fundamentales de la comunicación _b: una visión ciudadana _c/ Marco Navas Alvear |
| 250 | _a1a ed. | ||
| 260 |
_aEcuador, Quito : _bUniversidad Andina Simón Bolívar: _bAbya-Yala : _bCorporación Editora Nacional, _c2002 |
||
| 300 |
_a136 p. ; _c21 cm. |
||
| 490 | 0 |
_aMagíster ; _vv. 20. |
|
| 504 | _aIncluye bibliografías. | ||
| 650 | 7 |
_2lemb _aMedios de comunicación _zEcuador |
|
| 650 | 7 |
_2lemb _aLibertad de expresión _zEcuador |
|
| 650 | 7 |
_2lemb _aLibertad de prensa _zEcuador |
|
| 942 |
_2lcc _cLIB |
||